00408nam a22001457a 4500003000500000005001700005008004100022020001800063040000900081082001400090100004300104245007500147260002900222300001100251CEME20210628202326.0210105b xxu||||| |||| 00| 0 eng d a9783844301267 cceme a006.6 AAS aAasia Khanum, Muid Mufti, Younus Javed aIntelligent expression blending in performance driven facial animaiton aISLAMABADbLAMBERTc2011 aV, 70P